| 000 -LEADER |
| fixed length control field |
00599cam a2200169I 4500 |
| 040 ## - CATALOGING SOURCE |
| Transcribing agency |
CIN |
| 082 ## - DEWEY DECIMAL CLASSIFICATION NUMBER |
| Classification number |
634 FOR 1952 C282 Or. |
| 100 1# - MAIN ENTRY--AUTHOR NAME |
| Personal name |
Mason, David Townsend, |
| 245 10 - TITLE STATEMENT |
| Title |
Forests for the future; |
| Remainder of title |
the story of sustained yield as told in the diaries and papers of David T. Mason, 1907-1950 / |
| 260 ## - PUBLICATION, DISTRIBUTION, ETC. (IMPRINT) |
| Place of publication |
St. Paul, |
| Name of publisher |
Minnesota Historical Society, |
| Year of publication |
1952. |
| 300 ## - PHYSICAL DESCRIPTION |
| Number of Pages |
xi, 283 p. |
| Other physical details |
illus. |
| Dimensions |
23 cm. |
| 490 0# - SERIES STATEMENT |
| Series statement |
Forest Products History Foundation series, publication no. 5 |
| 650 #0 - SUBJECT ADDED ENTRY--TOPICAL TERM |
| Topical Term |
Forest management. |
| 650 #0 - SUBJECT ADDED ENTRY--TOPICAL TERM |
| Topical Term |
Forests and forestry |
| 700 1# - ADDED ENTRY--PERSONAL NAME |
| Personal name |
Loehr, Rodney C. |
| 942 ## - ADDED ENTRY ELEMENTS (KOHA) |
| Koha item type |
ADB |
| 952 ## - LOCATION AND ITEM INFORMATION (KOHA) |
| Withdrawn status [LOCAL, KOHA] |
0 |